| 000 | 01326nam a22004097a 4500 | ||
|---|---|---|---|
| 001 | 0033737 | ||
| 003 | KOHA_MİRAKIL | ||
| 005 | 20260207002901.0 | ||
| 007 | ta | ||
| 008 | 111118b1987 tu |||gr||||#||||0|tur | | ||
| 020 | _c0,01 | ||
| 040 |
_aTR-BiSEU _btur _cTR-BiSEU _erda |
||
| 041 | 0 | _atur | |
| 044 | _ctu | ||
| 050 |
_aHD58.7 _b.E73 1987 |
||
| 100 | 1 | _aErdoğan, İlhan. | |
| 245 | 1 |
_aİşletmelerde davranış/ _cİlhan Erdoğan ; İlhan Erdoğan. |
|
| 264 | 1 |
_aİstanbul : _bİstanbul Üniversitesi İşletme Fakültesi İşletme İktisadi Enstitüsü _c1987 |
|
| 300 | _a350 s.; 24cm. | ||
| 336 |
_ametin _btxt _2rdacontent |
||
| 337 |
_aaracısız _bn _2rdamedia |
||
| 338 |
_acilt _bnc _2rdacarrier |
||
| 490 | 0 | _a İstanbul Üniversitesi Yayın No. | |
| 490 | 0 | _a3456. | |
| 490 | 0 | _aİşletme Fakültesi Yayın No. | |
| 490 | 0 | _a185. | |
| 490 | 0 | _aİşletme İktisadi Enstitüsü Yayın No.86 | |
| 500 | _aKaynakça bölüm sonlarındadır. | ||
| 650 | 0 |
_aOrganizational behavior. _93925 |
|
| 650 | 0 |
_aÖrgütsel davranış. _93926 |
|
| 830 | 0 |
_a İstanbul Üniversitesi Yayın No. _965426 |
|
| 830 | 0 |
_a3456. _936389 |
|
| 830 | 0 |
_aİşletme Fakültesi Yayın No. _920029 |
|
| 830 | 0 |
_a185. _917629 |
|
| 830 | 0 |
_aİşletme İktisadi Enstitüsü Yayın No.86 _965427 |
|
| 942 |
_2lcc _cBK |
||
| 999 |
_c33737 _d33737 |
||